Creative sciencing : ideas and activities for teachers and children /

Saved in:
Bibliographic Details
Main Author: DeVito, Alfred
Other Authors: Krockover, Gerald H.
Format: Book
Language:English
Published: Boston : Little, Brown, 1976.
Subjects:
LEADER 00945nam a2200241 a 4500
001 c000340703
003 CARM
005 00000000000000.0
008 831014s1976 maua b 00000 eng d
019 1 |a 2931483  |5 LACONCORD2021 
035 |a (OCoLC)2228309  |5 LACONCORD2021 
100 1 |a DeVito, Alfred. 
245 1 0 |a Creative sciencing :  |b ideas and activities for teachers and children /  |c Alfred DeVito, Gerald H. Krockover. 
260 |a Boston :  |b Little, Brown,  |c 1976. 
300 |a 257 p. :  |b ill. ;  |c 23 cm. 
504 |a Bibliography: p.254-257. 
650 0 |a Science  |x Study and teaching (Secondary) 
650 0 |a Science  |x Study and teaching (Primary) 
700 1 |a Krockover, Gerald H. 
852 8 |b CARM  |h A1:AN35G0  |i C09946  |p 0421661  |f BK 
082 0 4 |a 507.1 
999 f f |i ab1acfd6-59fe-5772-b4e8-c74a243715a4  |s 0a547bd1-138d-5fee-8ab4-fed25761777d 
952 f f |p Can circulate  |a CAVAL  |b CAVAL  |c CAVAL  |d CARM 1 Store  |e C09946  |f A1:AN35G0  |h Other scheme  |i book  |m 0421661